000 01751nam a2200301 a 4500
001 000026609
003 DO-SdBNP
005 20221006100726.0
008 110324t1998 dr abd 001 0 spa d
040 _aDO-SdBNP
_bspa
_cBPMSU
082 _a327.729307294
_bR426d 1998
_222
245 0 3 _aLa República Dominicana y Haití frente al futuro /
_ceditores Rubén Silié, Orlando Inoa, Arnold Antonin.
260 _aSanto Domingo :
_bFLACSO,
_c1998.
300 _a245 p. :
_bil., mapas, tabls. ;
_c22 cm.
505 0 _gPresentación --
_tAspectos socio-históricos sobre la inmigración haitiana a la República Dominicana /
_rRubén Silié --
_tLa República de Haití y la República Dominicana /
_rGeorges Brunet,
_rKesner Pharel,
_rcon la colaboración de Francisco Guerrero Prats --
_tCoordenadas coyunturales bajo el gobierno del Partido de la Liberación Dominicana /
_rRoberto Cassá --
_tHaití: Modernización política y democratización /
_rClaude Moîse --
_tDe la solidaridad a la cooperación institucionalizada /
_rKathy Magonés --
_tMedio ambiente en Haití y la República Dominicana /
_rRafael Emilio Yunén --
_tLos desafíos ecólogicos en Haití hacia el año 2000 /
_rRoberson Jonas Léger.
590 _aInventariado, 2022/VM
651 4 _aRepública Dominicana
_xEmigración e inmigración
_zHistoria
651 4 _aRepública Dominicana
_xRelaciones exteriores
651 4 _aHaití
_xRelaciones Exteriores
651 4 _aHaití
_xEmigración e inmigración
_zHistoria
700 1 _aSilié, Rubén
_d1946-
_eed.
700 1 _aInoa, Orlando
_eed.
700 1 _aAntonin, Arnold,
_eed.
700 z _aValdez, Rubén Silié,
_d1946-
710 2 _a FLACSO, Programa (República Dominicana)
910 _aVMateo V./Validado.
942 _2ddc
_cBK
999 _c14300
_d14300